| Tag |
First Indicator |
Second Indicator |
Subfields |
| LEADER |
00000cam a2200000 a 4500 |
| 001 |
in00000088110 |
| 005 |
20151008065022.0 |
| 008 |
801204s1980 gw 00011 ger d |
| 020 |
|
|
|a 3455075045
|
| 035 |
|
|
|a (OCoLC)06997634
|
| 035 |
|
|
|9 AAK5211AM
|
| 040 |
|
|
|a SYB
|c SYB
|d TXA
|d UtOrBLW
|
| 049 |
|
|
|a TXAM
|c [1655424]
|
| 090 |
|
|
|a PT2681.U7
|b F73
|
| 100 |
1 |
|
|a Surminski, Arno,
|d 1934-
|
| 245 |
1 |
0 |
|a Fremdes Land :
|b oder als die Freiheit noch zu haben war : Roman /
|c Arno Surminski.
|
| 264 |
|
1 |
|a Hamburg :
|b Hoffmann und Campe,
|c [1980]
|
| 264 |
|
4 |
|c ©1980
|
| 300 |
|
|
|a 505 pages ;
|c 22 cm.
|
| 336 |
|
|
|a text
|b txt
|2 rdacontent
|
| 337 |
|
|
|a unmediated
|b n
|2 rdamedia
|
| 338 |
|
|
|a volume
|b nc
|2 rdacarrier
|
| 999 |
|
|
|a MARS
|
| 999 |
f |
f |
|s b550b963-54e5-3b03-96af-48f62c5f3fc9
|i 6741a60c-4579-3ac5-90f0-da6951a8e8d9
|t 0
|
| 952 |
f |
f |
|p ric
|a Texas A&M University
|b Rellis Campus
|c Joint Library Facility
|d Remote Storage
|t 0
|e PT2681.U7 F73
|h Library of Congress classification
|i unmediated -- volume
|m A14806195339
|
| 998 |
f |
f |
|a PT2681.U7 F73
|t 0
|l Remote Storage
|